| 000 | 01190nam a2200337 i 4500 | ||
|---|---|---|---|
| 001 | 8335 | ||
| 003 | KOSZ 005 | ||
| 005 | 20200316132348.0 | ||
| 008 | 990506s1969 pl a f |001 0 pol | ||
| 015 | _aPB 1969/5201 | ||
| 035 | _a(OCoLC)69352940 | ||
| 040 |
_aWA N _cKOSZ 005/EG _dKOSZ 005/EG |
||
| 041 | 1 |
_apol _hger |
|
| 080 | _a34 | ||
| 080 | _a1 | ||
| 100 | 1 |
_aHegel, Georg Wilhelm Friedrich _d(1770-1831). _eAutor |
|
| 245 | 1 | 0 |
_aZasady filozofii prawa / _cGeorg Wilhelm Friedrich Hegel ; przeł. Adam Landman. |
| 246 | 1 |
_iTyt. oryg.: _aGrundlinien der Philosophie des Rechts. |
|
| 260 |
_a[Warszawa] : _bPaństwowe Wydawnictwo Naukowe, _c1969. |
||
| 300 |
_aIX, [1], 453, [1] s., [1] k. tabl. : _bil., err. ; _c19 cm. |
||
| 380 | _aKsiążki. | ||
| 490 | 1 | _aBiblioteka Klasyków Filozofii. | |
| 504 | _aIndeksy. | ||
| 650 | 4 |
_aPrawo _xfilozofia _y19 w. |
|
| 658 | _aFilozofia i etyka | ||
| 648 | 4 | _a1801-1900 | |
| 700 | 1 |
_aLandman, Adam _d(1902-1969). _eTłumaczenie |
|
| 856 |
_uhttp://koha.tu.koszalin.pl/cgi-bin/koha/opac-detail.pl?biblionumber=8335 _yKatalog online BPK |
||
| 830 | 0 | _aBiblioteka Klasyków Filozofii | |
| 942 |
_2UKD _cKS |
||
| 999 |
_c8335 _d8335 |
||